000 00551nam a22001697a 4500
003 NUST - PNEC
005 20170116180747.0
008 150219b xxu||||| |||| 00| 0 eng d
040 _cLIBRARY
082 _a297.63 SAE
100 _91390
_aSaeed, Khalifa Mohammad
245 _aAn analytical review of the Life of the Holy Prophet (peace be upon him) VOL-1
_cKhalifa Mohammad Saeed
260 _aSialkot :
_bDarul Tasneef Wal Nashar,
300 _a519 p. :
_c22 cm.
650 _91394
_aProphet Mohammad (Peace be upon him), Islam
942 _2ddc
_cBK
999 _c62409
_d62409